01010 2200325 4500001002100000005001500021035002000036007000300056040001700059100004600076245012400122250001000246300003500256020002200291041000800313082001900321084001900340090002300359264003300382336002100415337003000436338002300466650001000489700003800499700004900537850001000586008004100596990002500637990002200662INLIS00000000001004620260409095028 a0010-0123000373ta aSBPUPADbind0 aMuhammad Nashiruddin Al-AlbaniePengarang1 aSifat Shalat Nabi Jilid 1 /cMuhammad Nashiruddin Al-Albani.; Penerjemah, Abu Zakaria Al-Atsary; Editor, Tim Griya Ilmu aCet.1 avii 284 hlm. :bilus. ;c24 cm a978-979-2409-17-30 aind a297.14 ALA s/I a297.14 ALA s/I a297.14 ALA s/I 2-1 aJakarta :bGriya Ilmu,c2007 2rdacontentaTeks 2rdamediaatanpa perantara 2rdacarrieravolume 4aFiqih aEditor, Tim Griya IlmuePengarang0 aPenerjemah, Abu Zakaria Al-AtsaryePengarang aPUPAD260409 0  a31.088/APBD/DPK/2019 a24.012/H/DPK/2017